[Event "IX EICC"]
[Site "Plovdiv BUL"]
[Date "2008.04.24"]
[Round "4"]
[White "Sebenik,M"]
[Black "Kempinski,R"]
[Result "1/2-1/2"]
[WhiteElo "2502"]
[BlackElo "2595"]
[EventDate "2008.04.21"]

1. c4 Nf6 2. d4 g6 3. g3 d5 4. cxd5 Nxd5 5. Bg2 Bg7 6. e4 Nb6 7. Ne2 c5 8.
d5 e6 9. O-O O-O 10. Nbc3 Na6 11. Nf4 e5 12. Nd3 c4 13. Ne1 Bd7 14. Be3 Nc8
15. f4 Nd6 16. Qd2 f6 17. fxe5 fxe5 18. Nf3 b5 19. a3 Qc7 20. Qf2 h6 21.
Kh1 Kh7 22. h3 Kg8 23. g4 b4 24. axb4 Nxb4 25. Bxa7 Nd3 26. Qb6 Rfc8 27.
Qxc7 Rxc7 28. Bg1 Rcc8 29. Rxa8 Rxa8 30. Rb1 Rb8 31. Bf1 Nb5 32. Nxb5 Bxb5
33. Bxd3 cxd3 34. Bc5 Ba4 35. b4 Bf6 36. Kg2 Bg5 37. Nxg5 Bc2 38. Ra1 hxg5
39. Be3 Rxb4 40. d6 Rb7 41. Ra5 Rd7 42. Rd5 Kf7 43. Bxg5 Ke6 44. Be7 d2 45.
Rxd2 Bxe4+ 46. Kg3 Rb7 47. Kh4 Bc6 48. Kg5 Rb3 49. h4 Rg3 50. Kxg6 1/2-1/2

[Event "IX EICC"]
[Site "Plovdiv BUL"]
[Date "2008.04.24"]
[Round "4"]
[White "Pedersen,NicV"]
[Black "Nyback,T"]
[Result "0-1"]
[WhiteElo "2421"]
[BlackElo "2587"]
[EventDate "2008.04.21"]

1. d4 Nf6 2. c4 c5 3. d5 e6 4. Nc3 exd5 5. cxd5 d6 6. Nf3 g6 7. Nd2 Bg7 8.
Nc4 O-O 9. Bf4 Na6 10. Bxd6 Re8 11. e3 Bf5 12. Be2 Ne4 13. Nxe4 Bxe4 14. f3
b5 15. fxe4 bxc4 16. e5 Qh4+ 17. g3 Qe4 18. O-O Bxe5 19. Bxe5 Rxe5 20. Bf3
Qxe3+ 21. Kg2 Nb4 22. Re1 Qg5 23. Rxe5 Qxe5 24. Qd2 Nd3 25. Qc3 Qe3 26. d6
Qf2+ 0-1

[Event "IX EICC"]
[Site "Plovdiv BUL"]
[Date "2008.04.24"]
[Round "4"]
[White "Chirila,I"]
[Black "Halkias,S"]
[Result "0-1"]
[WhiteElo "2422"]
[BlackElo "2585"]
[EventDate "2008.04.21"]

1. e4 e5 2. Nf3 Nc6 3. Bb5 a6 4. Bxc6 dxc6 5. O-O Ne7 6. d3 Ng6 7. Be3 c5
8. Nbd2 Be7 9. Re1 O-O 10. Nf1 Be6 11. Ng3 Qd7 12. h3 Rad8 13. Qe2 f6 14.
Nd2 Rfe8 15. Qh5 Bf8 16. a4 a5 17. Nc4 b6 18. b3 Qf7 19. Nf5 Nf4 20. Qf3
Qh5 21. Qxh5 Nxh5 22. g4 Nf4 23. Bxf4 exf4 24. Kg2 g6 25. Nh4 Bg7 26. Rad1
Kf7 27. Kf3 Rh8 28. Rh1 h5 29. Rdg1 hxg4+ 30. hxg4 Rdg8 31. Na3 Bf8 32. Nb5
Bd6 33. Nc3 c6 34. Ne2 Be5 35. Ng2 g5 36. Ne1 b5 37. c4 bxa4 38. bxa4 Rb8
39. Nc2 Kg7 40. Rxh8 Rxh8 41. d4 cxd4 42. Ncxd4 Rh3+ 43. Kg2 Bxg4 0-1

[Event "IX EICC"]
[Site "Plovdiv BUL"]
[Date "2008.04.24"]
[Round "4"]
[White "Luch,M"]
[Black "Khismatullin,D"]
[Result "1/2-1/2"]
[WhiteElo "2383"]
[BlackElo "2584"]
[EventDate "2008.04.21"]

1. Nf3 c5 2. c4 Nc6 3. d4 cxd4 4. Nxd4 Nf6 5. Nc3 e6 6. Ndb5 d6 7. Bf4 e5
8. Bg5 a6 9. Bxf6 gxf6 10. Na3 f5 11. e3 Be6 12. Qd2 Bg7 13. Rd1 O-O 14.
Be2 Qa5 15. Nd5 Qxd2+ 16. Rxd2 e4 17. f4 exf3 18. gxf3 Rac8 19. Kf2 Bxd5
20. cxd5 Ne5 21. Rg1 b5 22. f4 Ng6 23. Bd3 Ne7 24. Nc2 Rc5 25. Nb4 Ra8 26.
Nc6 Nxd5 27. Bxf5 Kf8 28. Be4 Nb6 29. Na5 d5 30. Bxh7 Re8 31. Kf3 Na4 32.
Nb3 Rc6 33. Rxd5 Rh6 34. Bf5 Rxh2 35. Rd2 Rxd2 36. Nxd2 Nxb2 37. Rc1 Rd8
38. Rc8 Rxc8 39. Bxc8 a5 40. Ba6 b4 41. Nc4 a4 42. Nxb2 b3 43. Bc4 1/2-1/2

[Event "IX EICC"]
[Site "Plovdiv BUL"]
[Date "2008.04.24"]
[Round "4"]
[White "Stocek,J"]
[Black "Berescu,A"]
[Result "1/2-1/2"]
[WhiteElo "2584"]
[BlackElo "2481"]
[EventDate "2008.04.21"]

1. d4 Nf6 2. c4 e6 3. Nc3 Bb4 4. Bg5 c5 5. d5 h6 6. Bh4 Bxc3+ 7. bxc3 d6 8.
e3 e5 9. Qc2 Qe7 10. Nf3 Nbd7 11. Nd2 e4 12. Be2 g5 13. Bg3 Kd8 14. h4 Re8
15. Rb1 Ne5 16. Rb2 Ng6 17. hxg5 hxg5 18. Qa4 Ne5 19. Rh6 a5 20. Rb6 Kc7
21. Qb5 Ra6 22. Rxa6 bxa6 23. Qa4 Bd7 24. Qxa5+ Kb7 25. Nb3 Rc8 26. Kd2 Ka7
27. Kc2 Bf5 28. Rh1 Nfd7 29. Rb1 Qf6 30. Qa3 Rb8 31. Na5 Rxb1 32. Kxb1 Qd8
33. Kc2 Qc7 34. Kc1 Qb6 35. Qa4 Qc7 36. Nc6+ Nxc6 37. dxc6 Ne5 38. Bxe5
dxe5 39. Bd1 g4 40. Bc2 Bg6 41. Bb1 f5 42. Qd1 Qxc6 43. Qd8 Kb7 44. Bc2 Bf7
45. Qe7+ Qc7 46. Qf6 Qd7 47. Qxe5 Bxc4 48. Qxc5 Bxa2 49. c4 Qe6 50. Qb4+
Kc8 51. Qf8+ Kc7 52. Qc5+ Kb7 53. Qb4+ Kc8 54. c5 Bd5 55. g3 Bc6 56. Qb6
Bd7 57. Qb4 Qa2 58. Qc3 Ba4 59. Qh8+ Kb7 60. Qg7+ Kb8 1/2-1/2

[Event "IX EICC"]
[Site "Plovdiv BUL"]
[Date "2008.04.24"]
[Round "4"]
[White "Aleksandrov,A"]
[Black "Lintchevski,D"]
[Result "1/2-1/2"]
[WhiteElo "2582"]
[BlackElo "2450"]
[EventDate "2008.04.21"]

1. d4 d5 2. c4 c6 3. Nf3 Nf6 4. e3 Bg4 5. h3 Bxf3 6. Qxf3 e6 7. Bd3 Bb4+ 8.
Nc3 Nbd7 9. O-O O-O 10. Rd1 Re8 11. Qe2 Bxc3 12. bxc3 e5 13. a4 e4 14. Bc2
Nb6 15. Bb3 Nxc4 16. Bxc4 dxc4 17. Qxc4 Qd5 18. Qe2 b5 19. Bd2 Reb8 20.
Rdc1 Qc4 21. Qxc4 bxc4 22. a5 Rb2 23. Be1 Ne8 24. f3 Nd6 25. Bg3 Nf5 26.
Bf2 Nd6 27. a6 Re8 28. Ra5 Nb5 29. Ra4 Nd6 30. Ra5 Nb5 31. fxe4 Rxe4 32.
Ra4 Nd6 33. Rb4 Ra2 34. Bg3 Ne8 35. Re1 Rxa6 36. Rxc4 Nf6 37. Kf2 Re8 38.
Kg1 Ne4 39. Bc7 f6 40. Rd1 Re7 41. d5 Rxc7 42. Rxe4 cxd5 43. Rxd5 Kf7 44.
c4 Re6 45. Rxe6 Kxe6 46. Ra5 Kd6 1/2-1/2

[Event "IX EICC"]
[Site "Plovdiv BUL"]
[Date "2008.04.24"]
[Round "4"]
[White "Maletin,P"]
[Black "Swiercz,D"]
[Result "0-1"]
[WhiteElo "2574"]
[BlackElo "2413"]
[EventDate "2008.04.21"]

1. c4 f5 2. Nf3 Nf6 3. g3 g6 4. Bg2 Bg7 5. Nc3 O-O 6. O-O d6 7. d4 e6 8.
Re1 Ne4 9. Qc2 Nxc3 10. bxc3 Nc6 11. Ba3 Re8 12. Rad1 Bd7 13. c5 d5 14. c4
Na5 15. cxd5 exd5 16. Bc1 Bb5 17. Ne5 c6 18. a4 Ba6 19. f4 Nc4 20. e3 Qc7
21. Bf3 b6 22. cxb6 axb6 23. g4 fxg4 24. Bxg4 Bc8 25. Bxc8 Nxe5 26. Be6+
Rxe6 27. dxe5 Qa7 28. e4 b5+ 29. Qf2 Qxf2+ 30. Kxf2 bxa4 31. exd5 cxd5 32.
Ba3 Bf8 33. Re3 Bxa3 34. Rxa3 Ra5 35. Rda1 Rea6 36. Kf3 Kf7 37. Kg4 Ke6 38.
h4 h6 39. Rb1 Kd7 40. h5 gxh5+ 41. Kf5 h4 42. Rb7+ Kc6 43. Rh7 Kc5 44. e6
Kb4 45. Ra1 d4+ 46. Kf6 a3 47. f5 d3 48. Rxh6 Kc3 49. Rh5 d2 50. Rh1 a2 51.
Kg5 Re5 52. Kf4 Re2 53. Rf1 Kd4 54. Kg5 0-1

[Event "IX EICC"]
[Site "Plovdiv BUL"]
[Date "2008.04.24"]
[Round "4"]
[White "Kotanjian,T"]
[Black "Kapnisis,S"]
[Result "1/2-1/2"]
[WhiteElo "2570"]
[BlackElo "2412"]
[EventDate "2008.04.21"]

1. d4 d5 2. c4 c6 3. Nf3 Nf6 4. Nc3 dxc4 5. a4 e6 6. e3 c5 7. Bxc4 Nc6 8.
O-O cxd4 9. exd4 Be7 10. Re1 O-O 11. Bg5 Bd7 12. Ne5 Nd5 13. Bxe7 Ndxe7 14.
d5 exd5 15. Nxd5 Nxd5 16. Nxd7 Qxd7 17. Qxd5 Qxd5 18. Bxd5 Rad8 19. Be4
1/2-1/2

[Event "IX EICC"]
[Site "Plovdiv BUL"]
[Date "2008.04.24"]
[Round "4"]
[White "Savchenko,B"]
[Black "Chudinovskikh,A"]
[Result "1-0"]
[WhiteElo "2569"]
[BlackElo "2392"]
[EventDate "2008.04.21"]

1. Nf3 Nf6 2. c4 c5 3. Nc3 Nc6 4. d4 cxd4 5. Nxd4 e6 6. Ndb5 Bb4 7. Bf4 O-O
8. Bc7 Qe7 9. Bd6 Bxd6 10. Qxd6 Qd8 11. e4 e5 12. O-O-O Ne8 13. Qd2 Qa5 14.
Kb1 a6 15. Nd6 Nd4 16. Nf5 Nxf5 17. exf5 d6 18. g4 b5 19. f4 Bb7 20. Bg2
Bxg2 21. Qxg2 Rb8 22. Nd5 Qa4 23. c5 dxc5 24. fxe5 Kh8 25. Rd3 g6 26. f6
Rd8 27. Nb6 Rxd3 28. Nxa4 bxa4 29. Qb7 Kg8 30. Rc1 a3 31. bxa3 Rd8 32. Ka1
1-0

[Event "IX EICC"]
[Site "Plovdiv BUL"]
[Date "2008.04.24"]
[Round "4"]
[White "Miroshnichenko,E"]
[Black "Bojkov,D"]
[Result "1/2-1/2"]
[WhiteElo "2642"]
[BlackElo "2492"]
[EventDate "2008.04.21"]

1. Nf3 Nf6 2. c4 g6 3. Nc3 Bg7 4. d4 O-O 5. e4 d6 6. Be2 Na6 7. Bg5 Qe8 8.
a3 e5 9. d5 Nc5 10. Nd2 h6 11. Be3 a5 12. b4 Ncxe4 13. Ndxe4 Nxe4 14. Nxe4
f5 15. Nc3 f4 16. Bd2 e4 17. O-O e3 18. Be1 axb4 19. axb4 Rxa1 20. Qxa1 f3
21. gxf3 Bh3 22. Qa7 Rf5 23. fxe3 Rg5+ 24. Bg3 Bxc3 25. Rb1 h5 26. Bf1 Qc8
27. f4 Qf5 28. Rb3 Rxg3+ 29. hxg3 Qg4 30. Bxh3 Qxg3+ 31. Bg2 Qe1+ 32. Bf1
Qg3+ 33. Kh1 Qf3+ 34. Bg2 Qd1+ 35. Kh2 Qxb3 36. c5 Bg7 37. c6 bxc6 38. dxc6
Kh7 39. b5 h4 40. Kh3 Qb2 41. Kxh4 Qxg2 42. Qxc7 Qf2+ 43. Kg4 Qe2+ 44. Kh4
Qh2+ 45. Kg4 Qg2+ 46. Kh4 Qf2+ 1/2-1/2

[Event "IX EICC"]
[Site "Plovdiv BUL"]
[Date "2008.04.24"]
[Round "4"]
[White "Fridman,D2"]
[Black "Sulashvili,M"]
[Result "1-0"]
[WhiteElo "2640"]
[BlackElo "2491"]
[EventDate "2008.04.21"]

1. c4 e6 2. d4 d5 3. Nf3 Nf6 4. g3 Bb4+ 5. Bd2 Be7 6. Bg2 O-O 7. O-O c6 8.
Qc2 b6 9. b3 Nbd7 10. Rd1 Ba6 11. a4 Rc8 12. Na3 Ne4 13. Be1 Bb7 14. a5 f5
15. Qb2 Qe8 16. Nc2 c5 17. axb6 axb6 18. Ra7 Bc6 19. cxd5 Bxd5 20. Ne3 Ndf6
21. dxc5 Bxc5 22. Nxd5 exd5 23. b4 Bd6 24. Qd4 b5 25. Qb6 Rb8 26. Rb7 Rxb7
27. Qxb7 Qb8 28. Qa6 f4 29. Nd4 fxg3 30. hxg3 Qe8 31. Qxb5 Qh5 32. Bf3 Qh3
33. Bg2 Qh5 34. Bxe4 Nxe4 35. Nf3 Rf5 36. Nh4 Rg5 37. Nf3 Rf5 38. Ra1 Bf8
39. Nh4 Rg5 40. Nf3 Rf5 41. Ra8 Nf6 42. Qb8 Ng4 43. b5 h6 44. b6 Ne5 45.
Qe8 Nxf3+ 46. exf3 1-0

[Event "IX EICC"]
[Site "Plovdiv BUL"]
[Date "2008.04.24"]
[Round "4"]
[White "Miton,K"]
[Black "Nikolov,M"]
[Result "1/2-1/2"]
[WhiteElo "2620"]
[BlackElo "2488"]
[EventDate "2008.04.21"]

1. d4 Nf6 2. c4 e6 3. g3 d5 4. Bg2 Bb4+ 5. Bd2 Be7 6. Nf3 O-O 7. O-O c6 8.
Bf4 b6 9. Nc3 Ba6 10. b3 Nbd7 11. Qd3 Rc8 12. e4 dxc4 13. bxc4 b5 14. cxb5
cxb5 15. e5 Qa5 16. exf6 Rxc3 17. Qxc3 Qxc3 18. fxe7 Re8 19. Bd6 Qc6 20.
Bb4 Bb7 21. d5 exd5 22. Rac1 Qb6 23. Bh3 Nb8 24. Ne5 a5 25. Bc5 Qh6 26. Bg4
d4 27. Rfe1 Qf6 1/2-1/2

[Event "IX EICC"]
[Site "Plovdiv BUL"]
[Date "2008.04.24"]
[Round "4"]
[White "Stefansson,H"]
[Black "Papadopoulos,I"]
[Result "0-1"]
[WhiteElo "2583"]
[BlackElo "2471"]
[EventDate "2008.04.21"]

1. d4 Nf6 2. c4 e6 3. Nf3 b6 4. g3 Ba6 5. Nbd2 d5 6. Bg2 Bd6 7. O-O O-O 8.
Qc2 c5 9. e4 Be7 10. dxc5 bxc5 11. Rd1 Nc6 12. exd5 exd5 13. Qa4 Qc8 14.
cxd5 Nxd5 15. a3 Rb8 16. Qc2 Rd8 17. Nc4 h6 18. Ne3 Nf6 19. Rxd8+ Qxd8 20.
Bd2 Bd3 21. Qa4 Nd4 22. Nxd4 cxd4 23. Ba5 Qd6 24. Nc4 Qa6 25. Bf1 Qxc4 26.
Qxc4 Bxc4 27. Bxc4 Rxb2 28. a4 Bb4 29. Bxb4 Rxb4 30. Rc1 Rxa4 31. Bb3 Ra3
32. Rc8+ Kh7 33. Bxf7 Rc3 34. Rd8 d3 0-1

[Event "IX EICC"]
[Site "Plovdiv BUL"]
[Date "2008.04.24"]
[Round "4"]
[White "Smirnov,Arte"]
[Black "Belov,Vl"]
[Result "0-1"]
[WhiteElo "2438"]
[BlackElo "2571"]
[EventDate "2008.04.21"]

1. d4 e6 2. c4 d5 3. Nf3 Nf6 4. g3 dxc4 5. Bg2 a6 6. O-O Nc6 7. e3 Bd7 8.
Qe2 b5 9. Nc3 Nd5 10. e4 Nxc3 11. bxc3 Bd6 12. Bg5 Be7 13. Bf4 O-O 14. d5
exd5 15. exd5 Na5 16. Bxc7 Qxc7 17. Qxe7 Rfe8 18. Qh4 Qd6 19. Rfe1 Nb7 20.
Qd4 f6 21. h4 Nc5 22. Rxe8+ Bxe8 23. Nd2 Bg6 24. Re1 Rd8 25. Nf1 Nd3 26.
Re2 Qc5 27. Qg4 Bf7 28. Ne3 Ne5 29. Qf4 Qd6 30. Rd2 Nd3 31. Qf5 g6 32. Qe4
Qe5 33. Qxe5 Nxe5 34. Rd4 Rd6 35. f4 Nd3 36. Be4 Nc5 37. Bc2 f5 38. a4 Nd7
39. axb5 axb5 40. Kf2 Kf8 41. Rd1 Ra6 42. Rb1 Ra5 43. Bd1 Nc5 44. Bf3 Ke7
45. Rb2 Nd3+ 0-1

[Event "IX EICC"]
[Site "Plovdiv BUL"]
[Date "2008.04.24"]
[Round "4"]
[White "Svetushkin,D"]
[Black "Vasilev,M"]
[Result "0-1"]
[WhiteElo "2568"]
[BlackElo "2469"]
[EventDate "2008.04.21"]

1. e4 e5 2. Nf3 Nc6 3. Bb5 Nf6 4. d3 Bc5 5. c3 O-O 6. Bg5 h6 7. Bh4 g5 8.
Bg3 d6 9. Nbd2 Nh5 10. Qe2 Qf6 11. O-O-O Be6 12. Kb1 a6 13. Bc4 Rad8 14.
Bd5 Ba7 15. Nf1 Bxd5 16. exd5 Ne7 17. h4 g4 18. N3h2 Qg6 19. f3 gxf3 20.
Qxf3 f5 21. Be1 e4 22. dxe4 fxe4 23. Qg4 e3+ 24. Qxg6+ Nxg6 25. Ng3 Nhf4
26. c4 Nxg2 27. Bc3 N6f4 28. Ng4 e2 29. Rc1 Rde8 30. Nxh6+ Kh7 31. Ng4 Nd3
32. Nxe2 Rxe2 33. Rcf1 Rxf1+ 34. Rxf1 Nf2 35. Nf6+ Kh6 36. a4 Nxh4 37. Ng8+
Kg5 38. Rg1+ Kf4 39. Rg7 Ne4 40. Rxc7 Nxc3+ 41. bxc3 Nf3 42. Rxb7 Bc5 43.
Nf6 Nd2+ 44. Ka1 Ne4 45. Re7 Nxc3 46. Rxe2 Nxe2 47. Nd7 Ke4 48. Nb8 a5 49.
Nc6 Bb6 50. Kb2 Nd4 51. Nb8 Kd3 0-1

[Event "IX EICC"]
[Site "Plovdiv BUL"]
[Date "2008.04.24"]
[Round "4"]
[White "Anastasian,A"]
[Black "Khmelniker,I"]
[Result "1-0"]
[WhiteElo "2560"]
[BlackElo "2459"]
[EventDate "2008.04.21"]

1. c4 Nf6 2. Nf3 g6 3. Nc3 d5 4. d4 Bg7 5. Bf4 O-O 6. Rc1 c6 7. e3 Be6 8.
Qb3 Qb6 9. c5 Qxb3 10. axb3 Nh5 11. Be5 f6 12. Bxb8 Raxb8 13. Be2 Bh6 14.
h3 Bd7 15. Ra1 a6 16. g4 Ng7 17. Rg1 Ne6 18. Na4 Ng5 19. Nd2 e5 20. h4 Ne6
21. dxe5 fxe5 22. g5 Bg7 23. Bg4 Rbd8 24. b4 Nc7 25. Ke2 Bxg4+ 26. Rxg4 e4
27. Nc3 Rf5 28. Rf1 Rdf8 29. Nd1 Ne6 30. f3 exf3+ 31. Rxf3 Re8 32. Rf2 Nd4+
33. Kd3 Rxf2 34. Nxf2 Nf5 35. e4 dxe4+ 36. Rxe4 Rd8+ 1-0

[Event "IX EICC"]
[Site "Plovdiv BUL"]
[Date "2008.04.24"]
[Round "4"]
[White "Lomsadze,D"]
[Black "Shomoev,A"]
[Result "0-1"]
[WhiteElo "2394"]
[BlackElo "2559"]
[EventDate "2008.04.21"]

1. e4 c5 2. Nc3 a6 3. a4 Nc6 4. g3 g6 5. Bg2 Bg7 6. Nge2 e5 7. O-O Nge7 8.
Nd5 Nxd5 9. exd5 Ne7 10. d3 d6 11. Bd2 a5 12. Qc1 Nf5 13. Nc3 O-O 14. Nb5
Bd7 15. Na3 Bxa4 16. Re1 b6 17. b3 Bd7 18. Nc4 Qc7 19. Qd1 Ra7 20. g4 Nh4
21. Bh1 h6 22. f4 b5 23. Bxa5 Qb8 24. Nb6 exf4 25. c3 Re8 26. Nxd7 Rxd7 27.
Rxe8+ Qxe8 28. Qe1 Qe3+ 29. Qxe3 fxe3 30. Re1 Ra7 31. Bd8 g5 0-1

[Event "IX EICC"]
[Site "Plovdiv BUL"]
[Date "2008.04.24"]
[Round "4"]
[White "Nijboer,F"]
[Black "Schroll,G"]
[Result "1-0"]
[WhiteElo "2558"]
[BlackElo "2410"]
[EventDate "2008.04.21"]

1. e4 c6 2. d4 d5 3. e5 c5 4. Nf3 Nc6 5. c4 cxd4 6. Nxd4 dxc4 7. Nxc6 Qxd1+
8. Kxd1 bxc6 9. Bxc4 Bf5 10. Nc3 e6 11. Be3 Bb4 12. Ke2 Ne7 13. Rhc1 Ba5
14. f4 Nd5 15. Nxd5 cxd5 16. Bb5+ Kd8 17. Rc6 f6 18. Rd6+ Ke7 19. Rc1 Kf7
20. exf6 gxf6 21. a4 h5 22. Ra6 Bd8 23. Bc6 1-0

[Event "IX EICC"]
[Site "Plovdiv BUL"]
[Date "2008.04.24"]
[Round "4"]
[White "Ovetchkin,R"]
[Black "Bogdanovski,V"]
[Result "1-0"]
[WhiteElo "2556"]
[BlackElo "2391"]
[EventDate "2008.04.21"]

1. e4 Nf6 2. e5 Nd5 3. d4 d6 4. Nf3 dxe5 5. Nxe5 c6 6. Bd3 Nd7 7. Nf3 N7f6
8. h3 Nb4 9. Bc4 Bf5 10. Bb3 e6 11. a3 Nbd5 12. O-O Bd6 13. Nbd2 Bc7 14.
Re1 O-O 15. Nh4 Qd6 16. Nf1 Rfe8 17. Nxf5 exf5 18. Rxe8+ Rxe8 19. c4 Nf4
20. Be3 Ne6 21. d5 cxd5 22. cxd5 Nc5 23. Bc4 f4 24. Bd4 Bb6 25. Qf3 Re4 26.
Rd1 h6 27. b3 Ncd7 28. Bxf6 Nxf6 29. Nh2 h5 30. Qd3 Qc5 31. Qc2 Re8 32. d6
Rd8 33. b4 Qe5 34. Nf3 Qe4 35. Bxf7+ Kf8 36. Qa2 Qc6 37. Ne5 1-0

[Event "IX EICC"]
[Site "Plovdiv BUL"]
[Date "2008.04.24"]
[Round "4"]
[White "Jenni,F"]
[Black "Reutsky,S"]
[Result "1-0"]
[WhiteElo "2550"]
[BlackElo "2302"]
[EventDate "2008.04.21"]

1. e4 e6 2. d4 d5 3. Nd2 dxe4 4. Nxe4 Nd7 5. Nf3 Ngf6 6. Nxf6+ Nxf6 7. Bg5
h6 8. Be3 Nd5 9. Bd2 c5 10. Ne5 a6 11. c3 Bd6 12. Qa4+ Bd7 13. Qxd7+ Qxd7
14. Nxd7 Kxd7 15. dxc5 Bxc5 16. g3 Rhd8 17. Bg2 Ke7 18. Ke2 Rd7 19. Rhd1
Rad8 20. Be1 b5 21. a4 Rb8 22. axb5 axb5 23. Ra5 Nc7 24. Rxd7+ Kxd7 25. Ra1
Ke7 26. Rd1 Rb6 27. b4 Bd6 28. Ra1 Nd5 29. Ra7+ Nc7 30. Kd3 Kd7 31. Bb7 Be7
32. Bd2 Rd6+ 33. Kc2 e5 34. h4 g5 35. h5 f5 36. f3 Kd8 37. g4 fxg4 38. fxg4
Ne6 39. Be4 Rd7 40. Ra8+ Kc7 41. Re8 Ng7 42. Rh8 Rd6 43. Rh7 Bf8 44. Be3
Re6 45. Bd5 Rf6 46. Bc5 Bxc5 47. bxc5 1-0

[Event "IX EICC"]
[Site "Plovdiv BUL"]
[Date "2008.04.24"]
[Round "4"]
[White "Beinoras,M"]
[Black "Drasko,M"]
[Result "1-0"]
[WhiteElo "2339"]
[BlackElo "2536"]
[EventDate "2008.04.21"]

1. Nf3 Nf6 2. c4 e6 3. Nc3 Bb4 4. Qc2 O-O 5. a3 Bxc3 6. Qxc3 d6 7. e3 a5 8.
b3 Re8 9. d4 Nc6 10. Bb2 e5 11. dxe5 dxe5 12. Rd1 Qe7 13. Be2 h6 14. O-O
Bf5 15. Qc1 Nd7 16. Qc3 Nf6 17. Qc1 Qc5 18. Nd2 Rad8 19. Bc3 Nd4 20. Bf3
Nxf3+ 21. Nxf3 Bd3 22. Rfe1 a4 23. b4 Qd6 24. c5 Qd5 25. Nxe5 Rxe5 26. Rxd3
Qxd3 27. Bxe5 Ne4 28. Bd4 Rd5 29. Qa1 Qc2 30. Rf1 Nd2 31. Qd1 Qa2 32. Qe2
Rf5 33. f4 1-0

[Event "IX EICC"]
[Site "Plovdiv BUL"]
[Date "2008.04.24"]
[Round "4"]
[White "Mladenov,P"]
[Black "Tahirov,F"]
[Result "1/2-1/2"]
[WhiteElo "2371"]
[BlackElo "2533"]
[EventDate "2008.04.21"]

1. d4 d5 2. Nf3 e6 3. e3 Bd6 4. Bd3 Nd7 5. b3 f5 6. Bb2 Qf6 7. c4 c6 8. Nc3
Ne7 9. Qc2 b6 10. Nd2 Qh6 11. O-O-O Bb7 12. Kb1 Rc8 13. f4 a6 14. Nf3
1/2-1/2

[Event "IX EICC"]
[Site "Plovdiv BUL"]
[Date "2008.04.24"]
[Round "4"]
[White "Muratet Casadevall,A"]
[Black "Kulaots,K"]
[Result "0-1"]
[WhiteElo "2174"]
[BlackElo "2530"]
[EventDate "2008.04.21"]

1. e4 c5 2. c3 d5 3. exd5 Qxd5 4. d4 g6 5. Nf3 Bg7 6. Na3 cxd4 7. Bc4 Qe4+
8. Be3 Nh6 9. Nb5 O-O 10. cxd4 Nc6 11. Nc3 Qg4 12. h3 Qd7 13. g4 Kh8 14.
Qd2 Ng8 15. d5 Na5 16. Be2 b6 17. Rc1 Qd8 18. Nd4 Nb7 19. Ncb5 Nd6 20. Nc6
Qd7 21. Nxd6 Qxd6 22. Bd4 Nf6 23. g5 Nxd5 24. Bxg7+ Kxg7 25. Nxe7 Qxe7 26.
Qxd5 Ba6 27. Qd4+ Kg8 28. Qe3 Qb4+ 29. Qc3 Qe4 0-1

[Event "IX EICC"]
[Site "Plovdiv BUL"]
[Date "2008.04.24"]
[Round "4"]
[White "Kharitonov,Alexandr"]
[Black "Stanoev,A"]
[Result "1-0"]
[WhiteElo "2526"]
[BlackElo "2193"]
[EventDate "2008.04.21"]

1. d4 d5 2. c4 e6 3. Nc3 Nf6 4. cxd5 exd5 5. Bg5 Be7 6. e3 Nbd7 7. Bd3 c6
8. Qc2 O-O 9. Nf3 Re8 10. h3 Nf8 11. Bf4 Bd6 12. Bxd6 Qxd6 13. O-O-O b5 14.
Kb1 a5 15. Rc1 Ba6 16. Ne2 b4 17. Nf4 Rec8 18. Bxa6 Rxa6 19. Nd3 Ne6 20.
Qa4 Ne4 21. Rhd1 Raa8 22. Nd2 Nf6 23. Rc2 Nd7 24. Rdc1 c5 25. dxc5 Ndxc5
26. Nxc5 Rxc5 27. Nf3 Rac8 28. Rxc5 Rxc5 29. Rxc5 Qxc5 30. Qe8+ Nf8 31. Ne5
Qc7 32. Nc6 g6 33. f4 Qb7 34. Nd4 Kg7 35. Qe5+ Kg8 36. Qe8 Kg7 37. g4 Ne6
38. Nxe6+ fxe6 39. Qxe6 Qb5 40. Qe5+ Kg8 41. Qd4 a4 42. Qd1 Kf8 43. b3 a3
44. Qd2 h5 45. gxh5 gxh5 46. Kc2 Qc5+ 47. Kd1 Qb5 48. Ke1 Qc5 1-0

[Event "IX EICC"]
[Site "Plovdiv BUL"]
[Date "2008.04.24"]
[Round "4"]
[White "Moiseenko,A1"]
[Black "Morchiashvili,B"]
[Result "1-0"]
[WhiteElo "2650"]
[BlackElo "2421"]
[EventDate "2008.04.21"]

1. d4 d5 2. c4 e6 3. Nc3 Nf6 4. cxd5 exd5 5. Bg5 c6 6. e3 Be7 7. Bd3 O-O 8.
Qc2 Nbd7 9. Nge2 Re8 10. h3 Ne4 11. Bxe4 dxe4 12. Bxe7 Qxe7 13. g4 c5 14.
O-O-O b6 15. Ng3 cxd4 16. Nf5 Qe5 17. Rxd4 Nc5 18. Nd6 Ba6 19. Nxe8 Rxe8
20. Rhd1 Bd3 21. Qd2 Rc8 22. f3 Qe6 23. fxe4 Qxa2 24. Rxd3 Nb3+ 25. Kc2
Nxd2 26. Rd8+ 1-0

[Event "IX EICC"]
[Site "Plovdiv BUL"]
[Date "2008.04.24"]
[Round "4"]
[White "Kobalia,M"]
[Black "Petkov,V"]
[Result "1-0"]
[WhiteElo "2627"]
[BlackElo "2415"]
[EventDate "2008.04.21"]

1. e4 e5 2. Nf3 Nc6 3. Bc4 Bc5 4. c3 Nf6 5. d3 a6 6. Bb3 Ba7 7. h3 d5 8.
exd5 Nxd5 9. O-O O-O 10. Re1 Re8 11. d4 e4 12. Ng5 Bf5 13. Nxf7 Kxf7 14.
Qh5+ g6 15. Qxh7+ Ke6 16. g4 Qf6 17. Nd2 Re7 18. Qh6 Rh8 19. Qf4 Rxh3 20.
gxf5+ gxf5 21. Nxe4 Qg6+ 22. Qg5 Rg7 23. Nf6+ Kd6 24. Ne8+ Qxe8 25. Rxe8
Rhh7 26. Rg8 Nxd4 27. Rd8+ 1-0

[Event "IX EICC"]
[Site "Plovdiv BUL"]
[Date "2008.04.24"]
[Round "4"]
[White "Gajewski,G"]
[Black "Milchev,N"]
[Result "1-0"]
[WhiteElo "2601"]
[BlackElo "2415"]
[EventDate "2008.04.21"]

1. d4 d5 2. c4 c6 3. Nf3 Nf6 4. e3 e6 5. Bd3 dxc4 6. Bxc4 b5 7. Bd3 Bb7 8.
O-O a6 9. a4 b4 10. e4 c5 11. Nbd2 cxd4 12. e5 Nd5 13. Nc4 Nc6 14. Bg5 Qc7
15. Rc1 Rc8 16. Be4 Bc5 17. Bxd5 exd5 18. Nd6+ Bxd6 19. exd6 Qxd6 20. Re1+
Kf8 21. Nxd4 Qg6 22. Nxc6 Bxc6 23. Qg4 f5 24. Qxb4+ Kg8 25. Rc3 h6 26. Bf4
Kh7 27. Rg3 a5 28. Qxa5 Qf7 29. Be5 Rhg8 30. Qb4 Ra8 31. Qd6 Bxa4 32. Bxg7
1-0

[Event "IX EICC"]
[Site "Plovdiv BUL"]
[Date "2008.04.24"]
[Round "4"]
[White "Lysyj,I"]
[Black "Dimitrov,Pa"]
[Result "1-0"]
[WhiteElo "2595"]
[BlackElo "2414"]
[EventDate "2008.04.21"]

1. d4 d5 2. c4 c6 3. Nf3 Nf6 4. e3 a6 5. Bd3 g6 6. Nc3 Bg7 7. Qb3 O-O 8.
O-O Ra7 9. Rd1 Bf5 10. Be2 b5 11. cxd5 cxd5 12. a4 bxa4 13. Rxa4 Qc8 14.
Ra3 Rd8 15. Ne5 Rc7 16. Bd2 Rd6 17. Rda1 Ne4 18. Be1 Nxc3 19. Bxc3 h5 20.
h3 Bf6 21. Qd1 Bg5 22. Qf1 Kg7 23. Ra5 Bf6 24. Qd1 Be4 25. Qf1 Bf5 26. Nf3
Be4 27. Nd2 Bc2 28. Bf3 Qb7 29. Be2 Bf5 30. R5a3 Qc8 31. Nb3 Rdc6 32. Nc5
Rb6 33. Na4 Rbb7 34. Nc5 Rb6 35. Ra5 Rbc6 36. Qd1 Rb6 37. Na4 Rbb7 38. Nc5
Rb6 39. Qd2 Bg5 40. Qe1 Bh4 41. Qf1 Rf6 42. f3 Kh7 43. Kh2 Bg5 44. f4 Bh6
45. h4 Bg4 46. Bd3 Bf5 47. Bxa6 Nxa6 48. Rxa6 Bc2 49. Rxf6 exf6 50. Qe2 Qf5
51. Rc1 1-0

[Event "IX EICC"]
[Site "Plovdiv BUL"]
[Date "2008.04.24"]
[Round "4"]
[White "Atalik,S"]
[Black "Dimitrov,R"]
[Result "1-0"]
[WhiteElo "2592"]
[BlackElo "2409"]
[EventDate "2008.04.21"]

1. c4 Nf6 2. Nc3 c5 3. Nf3 Nc6 4. d4 cxd4 5. Nxd4 d5 6. cxd5 Nxd5 7. Nxc6
bxc6 8. Bd2 e5 9. g3 Be6 10. Bg2 Be7 11. O-O O-O 12. Qc2 Nb4 13. Qc1 f5 14.
Rd1 Qe8 15. Bg5 e4 16. f3 exf3 17. Bxf3 Rd8 18. Rxd8 Qxd8 19. Qe3 Bxg5 20.
Qxe6+ Kh8 21. Rd1 Qb6+ 22. Kh1 Nc2 23. Qxc6 Qxb2 24. Na4 Qxa2 25. Bd5 Qa3
26. Qxc2 Rd8 27. Nc5 Qe3 28. Ne6 Re8 29. Qc6 Rb8 30. Qc7 Rg8 31. Nxg5 1-0

[Event "IX EICC"]
[Site "Plovdiv BUL"]
[Date "2008.04.24"]
[Round "4"]
[White "Iordachescu,V"]
[Black "Loeffler,S"]
[Result "1-0"]
[WhiteElo "2584"]
[BlackElo "2409"]
[EventDate "2008.04.21"]

1. e4 Nf6 2. e5 Nd5 3. d4 d6 4. Nf3 dxe5 5. Nxe5 c6 6. Be2 Bf5 7. O-O Nd7
8. Nf3 Qc7 9. Nh4 Bg6 10. c4 Nf4 11. g3 Nxe2+ 12. Qxe2 e6 13. Nc3 O-O-O 14.
d5 Kb8 15. dxe6 fxe6 16. Bg5 Re8 17. Rad1 Bf7 18. Rd2 e5 19. Rfd1 Be6 20.
a3 Nf6 21. Ne4 Be7 22. Nd6 Bxd6 23. Rxd6 Rhf8 24. R1d2 Ka8 25. Bxf6 gxf6
26. Qh5 f5 27. b3 a5 28. Qh6 Bc8 29. Rf6 Rxf6 30. Qxf6 f4 31. Nf5 Bxf5 32.
Qxf5 fxg3 33. hxg3 e4 34. Kg2 Qb6 35. Qh5 Rf8 36. Qh6 Rf7 37. Qe6 Rf3 38.
b4 Rxa3 39. b5 Rd3 40. Ra2 Ka7 41. bxc6 e3 42. fxe3 bxc6 43. Qf5 Qxe3 44.
Qxa5+ Kb7 45. Qa8+ Kc7 46. Ra7+ Kb6 47. Ra6+ Kc5 48. Qxc6+ Kb4 49. Qb5+ Kc3
50. Ra3+ Kc2 51. Qa4+ Kc1 52. Ra1+ Kb2 53. Ra2+ Kc3 54. Rc2+ Kd4 55. Qa7+
Ke5 56. Qe7+ Kf5 57. Rf2+ 1-0